ERP in practice : (Record no. 4077)

MARC details
000 -LEADER
fixed length control field 00626 a2200181 4500
010 ## - LCCN (DPL NO)
LC control number ENG-86060
020 ## - INTERNATIONAL STANDARD BOOK NUMBER
International Standard Book Number 0070621077
Terms of availability 495.00
035 ## - SYSTEM CONTROL NUMBER
System control number EN-69593
037 ## - SOURCE OF ACQUISITION
Source of stock number/acquisition D.B.Act / Pub
082 14 - DEWEY DECIMAL CLASSIFICATION NUMBER
Classification number 658.4012
100 1# - MAIN ENTRY--PERSONAL NAME
Personal name Vaman, Jagan Nathan
245 1# - TITLE STATEMENT
Title ERP in practice :
Statement of responsibility, etc by Jagan Nathan Vaman
Remainder of title ERP strategies for steering organizational competence and competitive advantage /
260 ## - PUBLICATION, DISTRIBUTION, ETC. (IMPRINT)
Place of publication, distribution, etc New Delhi
Name of publisher, distributor, etc Tata Mc-Graw Hill Publishing
Date of publication, distribution, etc 2007
270 ## - ADDRESS
Address 7, West Patel Nagar
City New Delhi
Postal code 110 008
300 ## - PHYSICAL DESCRIPTION
Extent xi, 436 p.
Dimensions 22 cm. (Hb.)
500 ## - GENERAL NOTE
General note Includes index
942 ## - ADDED ENTRY ELEMENTS (KOHA)
Institution code [OBSOLETE] dpl
Item type English Books
Source of classification or shelving scheme Dewey Decimal Classification
Classification part 658.4012
Call number suffix VAM
Holdings
Withdrawn status Lost status Not for loan Collection code Home library Current library Date acquired Source of acquisition Cost, normal purchase price Full call number Barcode Copy number Cost, replacement price Koha item type
    Not For Loan Non-fiction D.B.Act.Division D.B.Act.Division   DBAD/PUB 495.00 658.4012 VAM EN-69593 1 495.00 English Books

© Delhi Public Library
Hit Counter
free hit counter